Electroceramics : materials, properties, applications

Uloženo v:
Podrobná bibliografie
Hlavní autor: Moulson, A. J
Médium: Kniha
Jazyk:Undetermined
Vydáno: West Sussex John Wiley 2003
Témata:
Tagy: Přidat tag
Žádné tagy, Buďte první, kdo otaguje tento záznam!
Thư viện lưu trữ: Trung tâm Học liệu Trường Đại học Cần Thơ
LEADER 00551nam a2200205Ia 4500
001 CTU_82065
008 210402s9999 xx 000 0 und d
020 |c 1190000 
082 |a 621.381 
082 |b M926 
100 |a Moulson, A. J 
245 0 |a Electroceramics : 
245 0 |b materials, properties, applications 
245 0 |c A. J. Moulson, J.M. Herbert 
260 |a West Sussex 
260 |b John Wiley 
260 |c 2003 
650 |a Electronic ceramics 
904 |i Tuyến 
980 |a Trung tâm Học liệu Trường Đại học Cần Thơ